Welcome to CU Library Online Public Access Catalogue (OPAC)

Biology / (Record no. 2093)

MARC details
000 -LEADER
fixed length control field 00567nam a2200205 a 4500
001 - CONTROL NUMBER
control field 2999348
005 - DATE AND TIME OF LATEST TRANSACTION
control field 20241212103420.0
008 - FIXED-LENGTH DATA ELEMENTS--GENERAL INFORMATION
fixed length control field 940601s1994 iaua b 001 0 eng
020 ## - INTERNATIONAL STANDARD BOOK NUMBER
International Standard Book Number 0697142574 (cloth)
020 ## - INTERNATIONAL STANDARD BOOK NUMBER
International Standard Book Number 0697202844
050 00 - LIBRARY OF CONGRESS CALL NUMBER
Classification number QH308.2
Item number .K55 1994
082 00 - DEWEY DECIMAL CLASSIFICATION NUMBER
Classification number 574
Edition information 20
100 1# - MAIN ENTRY--PERSONAL NAME
Personal name Kimball, John W.
245 10 - TITLE STATEMENT
Title Biology /
Statement of responsibility, etc. John W. Kimball.
250 ## - EDITION STATEMENT
Edition statement 6th ed.
260 ## - PUBLICATION, DISTRIBUTION, ETC.
Place of publication, distribution, etc. Dubuque, Iowa :
Name of publisher, distributor, etc. Wm. C. Brown Publishers,
Date of publication, distribution, etc. c1994.
300 ## - PHYSICAL DESCRIPTION
Extent xx, 752, [22] p. :
Other physical details ill. (some col.) ;
Dimensions 29 cm.
650 #0 - SUBJECT ADDED ENTRY--TOPICAL TERM
Topical term or geographic name entry element Biology.
942 ## - ADDED ENTRY ELEMENTS (KOHA)
Source of classification or shelving scheme Library of Congress Classification
Koha item type Books
Edition 6th ed.
Suppress in OPAC No
999 ## -
-- 2093
-- 2093
Holdings
Withdrawn status Lost status Source of classification or shelving scheme Damaged status Not for loan Collection Home library Current library Shelving location Date acquired Total checkouts Full call number Barcode Date last seen Copy number Price effective from Koha item type
    Library of Congress Classification     Non-fiction Science Library (Miotso) Science Library (Miotso) General stacks 12/12/2024   QH308.2 .K55 KIM SLM00001215 12/12/2024 1 12/12/2024 Books
© 2023-2024 Copyright: Central University Libraries. All Rights Reserved | Created by: Mahone Tech Office